Normal view
MARC view
Entry Personal Name
001 - CONTROL NUMBER
- control field: 53179
003 - CONTROL NUMBER IDENTIFIER
- control field: MY-SjTCS
005 - DATE AND TIME OF LATEST TRANSACTION
- control field: 20191205134427.0
008 - FIXED-LENGTH DATA ELEMENTS
- fixed length control field: 110623 | aca||abb| n aaa d
039 #9 -
- : 201106231413
- : wilmina
040 ## - CATALOGING SOURCE
- Original cataloging agency: MY-SjTCS
- Transcribing agency: MY-SjTCS
100 1# - HEADING--PERSONAL NAME
- Personal name: Stalling, Carl W.
400 1# - SEE FROM TRACING--PERSONAL NAME
- Personal name: Stallings, Carl
400 1# - SEE FROM TRACING--PERSONAL NAME
- Personal name: Stawwing, Cawl W.
999 ## -
- : VIRTUA40 x
999 ## -
- : VTLSSORT0080*1000*4000*4001*9991